Normal view
MARC view
- Hetland M
Entry Personal Name
001 - CONTROL NUMBER
- control field: 215700
003 - CONTROL NUMBER IDENTIFIER
- control field: OSt
005 - DATE AND TIME OF LATEST TRANSACTION
- control field: 20251206145055.0
008 - FIXED-LENGTH DATA ELEMENTS
- fixed length control field: 251206|| aca||aabn | a|a d
040 ## - CATALOGING SOURCE
- Original cataloging agency: OSt
- Transcribing agency: OSt
100 ## - HEADING--PERSONAL NAME
- Personal name: Hetland M
670 ## - SOURCE DATA FOUND
- Source citation: Work cat.: (OSt)369319: Hetland M., Python Algorithms, 2014